[Event "XXVI Festival Conca della Presolana A"]
[Site "Bratto - Castione della Presolana ITA"]
[Date "2006.08.22"]
[Round "4"]
[White "Piva, Giorgio"]
[Black "Pegoraro, Nicola"]
[Result "1/2-1/2"]
[WhiteElo "2129"]
[BlackElo "2047"]
[PlyCount "80"]
[EventDate "2006.08.19"]

1. d4 f5 2. Bf4 Nf6 3. e3 e6 4. Nf3 Be7 5. h3 b6 6. c4 Bb7 7. Nc3 Bb4 8. Qb3
Bxc3+ 9. Qxc3 d6 10. Be2 Nbd7 11. b4 a5 12. a3 Ne4 13. Qb2 axb4 14. axb4 Rxa1+
15. Qxa1 O-O 16. O-O g5 17. Bg3 Nxg3 18. fxg3 g4 19. hxg4 fxg4 20. Nd2 Rxf1+
21. Qxf1 h5 22. Bd3 Kg7 23. Qf4 Qf6 24. Be4 Qxf4 25. gxf4 Bxe4 26. Nxe4 Kg6 27.
g3 Kf5 28. Nc3 Nf6 29. Nb5 Ne4 30. Nxc7 Nxg3 31. c5 dxc5 32. dxc5 bxc5 33. bxc5
Ne4 34. c6 Nd6 35. Na6 e5 36. fxe5 Kxe5 37. c7 Ke4 38. Kf2 h4 39. Nc5+ Kd5 40.
Nd7 Kc6 1/2-1/2

[Event "XXVI Festival Conca della Presolana A"]
[Site "Bratto - Castione della Presolana ITA"]
[Date "2006.08.22"]
[Round "4"]
[White "Pulvirenti, Gianni"]
[Black "Andreolini, Mauro"]
[Result "0-1"]
[WhiteElo "1970"]
[BlackElo "2195"]
[PlyCount "74"]
[EventDate "2006.08.19"]

1. c4 Nf6 2. g3 e6 3. Bg2 d5 4. cxd5 exd5 5. Nf3 Be7 6. d3 O-O 7. O-O c5 8.
Nbd2 Nc6 9. b3 b6 10. Bb2 Ba6 11. Rc1 Rc8 12. Re1 Re8 13. d4 Bf8 14. e3 Nb4 15.
Bf1 Nd3 16. Bc3 Nxe1 17. Bxa6 Nxf3+ 18. Nxf3 Rc7 19. Bb2 Ne4 20. Bd3 f6 21. h4
Qd7 22. Kg2 Rec8 23. Qe2 cxd4 24. Rxc7 Rxc7 25. Nxd4 Bc5 26. Qh5 g6 27. Qf3 f5
28. h5 Bf8 29. Bb5 Qc8 30. hxg6 hxg6 31. Qf4 Bg7 32. Ne6 Rc2 33. Nxg7 Rxf2+ 34.
Qxf2 Nxf2 35. Ne8 Qc2 36. Nf6+ Kf7 37. Be8+ Ke7 0-1

[Event "XXVI Festival Conca della Presolana A"]
[Site "Bratto - Castione della Presolana ITA"]
[Date "2006.08.22"]
[Round "4"]
[White "Radice, Luca"]
[Black "Schuurman, Petra"]
[Result "0-1"]
[WhiteElo "2081"]
[BlackElo "2219"]
[PlyCount "68"]
[EventDate "2006.08.19"]

1. d4 Nf6 2. c4 e6 3. Nc3 Bb4 4. e3 c5 5. Bd3 Nc6 6. Nge2 cxd4 7. exd4 d5 8.
O-O dxc4 9. Bxc4 O-O 10. Bg5 Be7 11. Qd2 b6 12. Rad1 Bb7 13. Rfe1 Rc8 14. Bd3
Nb4 15. Bb1 Re8 16. Ng3 Nbd5 17. Nxd5 Qxd5 18. f3 Qd8 19. Qd3 g6 20. Bh6 Rc7
21. Kh1 Rd7 22. Ne4 Nd5 23. a3 Nc7 24. Bf4 Nd5 25. Bh6 Rc7 26. Ba2 Rc8 27. Qe2
Bh4 28. Rf1 Be7 29. Rfe1 Rc7 30. Qd3 Bc6 31. Bb3 Qd7 32. Rc1 Ba4 33. Ba2 Rec8
34. Qa6 Bb5 0-1

[Event "XXVI Festival Conca della Presolana A"]
[Site "Bratto - Castione della Presolana ITA"]
[Date "2006.08.22"]
[Round "4"]
[White "Ranfagni, Stefano"]
[Black "Fontana, Enrico"]
[Result "1/2-1/2"]
[WhiteElo "2016"]
[BlackElo "2122"]
[PlyCount "102"]
[EventDate "2006.08.19"]

1. e4 c5 2. Nc3 e6 3. g3 Nc6 4. Bg2 a6 5. Nge2 Qc7 6. d3 Nge7 7. Be3 g6 8. Bxc5
d6 9. Be3 b5 10. a3 Bg7 11. Qd2 h5 12. h4 Rb8 13. d4 Bd7 14. O-O O-O 15. Bh6
Rfc8 16. Bxg7 Kxg7 17. Nf4 Na5 18. Qe2 Nc4 19. Nd1 a5 20. c3 e5 21. dxe5 dxe5
22. Nd5 Nxd5 23. exd5 Bg4 24. f3 Bf5 25. Kh2 Rd8 26. b3 Nb6 27. c4 bxc4 28.
bxc4 Qxc4 29. Qxe5+ f6 30. Qe7+ Kg8 31. Ne3 Qc8 32. Nxf5 Qxf5 33. Qe6+ Kg7 34.
Qe7+ Kh6 35. d6 Nd5 36. Qa7 Ra8 37. Qc5 Rac8 38. Qxa5 Rxd6 39. Rad1 Rc2 40. Qa8
Rc8 41. Qa7 Rcd8 42. Qc5 Qd7 43. Rc1 f5 44. f4 Nf6 45. Bf3 Rd2+ 46. Rf2 Qd3 47.
Kg2 Ng4 48. Bxg4 hxg4 49. Rc2 Rxf2+ 50. Rxf2 Qe4+ 51. Kh2 Rd1 1/2-1/2

[Event "XXVI Festival Conca della Presolana A"]
[Site "Bratto - Castione della Presolana ITA"]
[Date "2006.08.22"]
[Round "4"]
[White "Ranieri, Fabrizio"]
[Black "Temi, Walter"]
[Result "1/2-1/2"]
[WhiteElo "2227"]
[BlackElo "2105"]
[PlyCount "62"]
[EventDate "2006.08.19"]

1. e4 c5 2. Nf3 a6 3. d4 cxd4 4. Nxd4 Nf6 5. Nc3 e5 6. Nb3 Bb4 7. Qf3 d5 8.
exd5 Qxd5 9. Be2 Qxf3 10. Bxf3 Bxc3+ 11. bxc3 O-O 12. O-O Nc6 13. Nc5 Re8 14.
Re1 e4 15. Nxe4 Nxe4 16. Rxe4 Bg4 17. Rxe8+ Rxe8 18. Be3 Bxf3 19. gxf3 Ne5 20.
Kg2 f6 21. Rb1 b5 22. a4 bxa4 23. Ra1 Rc8 24. Rxa4 Rxc3 25. Ra2 Kf7 26. h3 Rc6
27. Bd4 g6 28. Rb2 Ke6 29. c3 Kf5 30. Kg3 h5 31. Re2 Nc4 1/2-1/2

[Event "XXVI Festival Conca della Presolana A"]
[Site "Bratto - Castione della Presolana ITA"]
[Date "2006.08.22"]
[Round "4"]
[White "Rorato, Giovanni Riccardo"]
[Black "Rosin, Federico"]
[Result "0-1"]
[WhiteElo "2057"]
[BlackElo "2135"]
[PlyCount "87"]
[EventDate "2006.08.19"]

1. d4 d5 2. c4 e6 3. Nc3 c5 4. cxd5 exd5 5. Nf3 Nc6 6. g3 Nf6 7. Bg2 Be7 8. O-O
O-O 9. Bg5 c4 10. Rc1 Rb8 11. Bf4 Bd6 12. Ne5 Nh5 13. Nxd5 Nxf4 14. gxf4 Qh4
15. Nxc4 Bxf4 16. Nxf4 Qxf4 17. e3 Qg5 18. Qf3 Bf5 19. Qg3 Qh5 20. Bf3 Qh6 21.
Ne5 Nxe5 22. Qxe5 Bd3 23. Rfd1 Rbe8 24. Qd5 Re6 25. Kh1 Rd6 26. Qxb7 Ba6 27.
Qe4 Rf6 28. Rd2 Qh3 29. Bg2 Qd7 30. d5 Re8 31. Qd4 Rg6 32. Rg1 Rc8 33. f4 h5
34. e4 h4 35. f5 Rg4 36. Qf2 f6 37. Rc2 Re8 38. Qf3 Rexe4 39. Qxe4 Rxe4 40.
Bxe4 Bd3 41. Bxd3 Qxd5+ 42. Rgg2 Qxd3 43. h3 Qxh3+ 44. Kg1 0-1

[Event "XXVI Festival Conca della Presolana A"]
[Site "Bratto - Castione della Presolana ITA"]
[Date "2006.08.22"]
[Round "4"]
[White "Rorato, Renzo"]
[Black "Johansson, Alexander"]
[Result "0-1"]
[WhiteElo "2149"]
[BlackElo "1921"]
[PlyCount "75"]
[EventDate "2006.08.19"]

1. d4 Nf6 2. c4 e6 3. Nc3 Bb4 4. e3 O-O 5. Bd3 d5 6. cxd5 exd5 7. Nge2 c5 8.
O-O Nc6 9. a3 Ba5 10. dxc5 Bc7 11. Ng3 Ng4 12. Be2 Qh4 13. Bxg4 Bxg4 14. f3 Be6
15. f4 Rad8 16. Nb5 Bg4 17. Qe1 Bb8 18. Qf2 Rfe8 19. h3 Bc8 20. Ne2 Qe7 21.
Nbd4 Qxc5 22. Bd2 Qe7 23. b4 Qe4 24. Nxc6 bxc6 25. Rfc1 Qd3 26. Nd4 Bd7 27. Rc3
Qe4 28. Qf3 Qe7 29. Nxc6 Bxc6 30. Rxc6 Qd7 31. Rc2 d4 32. e4 d3 33. Rc4 Bc7 34.
e5 Bb6+ 35. Kh2 Bd4 36. Rac1 Qa4 37. Qxd3 Bg1+ 38. Kxg1 0-1

[Event "XXVI Festival Conca della Presolana A"]
[Site "Bratto - Castione della Presolana ITA"]
[Date "2006.08.22"]
[Round "4"]
[White "Ruggeri, Pietro"]
[Black "Burani, Eugenio"]
[Result "1-0"]
[WhiteElo "2123"]
[BlackElo "2034"]
[PlyCount "123"]
[EventDate "2006.08.19"]

1. d4 Nf6 2. Bf4 c5 3. c3 b6 4. e3 Bb7 5. Nd2 d6 6. h3 g6 7. Ngf3 Bg7 8. Bb5+
Nbd7 9. O-O O-O 10. a4 a6 11. Bc4 d5 12. Be2 Re8 13. Ne5 Nxe5 14. Bxe5 Nd7 15.
Bxg7 Kxg7 16. f4 f5 17. Nf3 e6 18. Qe1 Nf6 19. Ne5 Nd7 20. Qg3 Nxe5 21. fxe5 h6
22. h4 g5 23. Bd3 Rf8 24. Rf3 Qe7 25. Raf1 Rf7 26. Bc2 g4 27. R3f2 h5 28. Bd3
Raf8 29. Qh2 c4 30. Bc2 Bc6 31. g3 b5 32. axb5 Bxb5 33. Ra1 Ra8 34. Rff1 Rff8
35. Ra5 Qc7 36. Rfa1 Rfb8 37. Qf2 Qf7 38. R1a2 Rb6 39. Qf4 Ra7 40. Qg5+ Kh7 41.
Kf2 Rb8 42. Ke2 Qg6 43. Qf4 Qh6 44. Qf1 Qf8 45. Kd2 Rb6 46. Qf4 Qf7 47. Qg5 Rb8
48. Ra1 Rg8 49. Qf4 Rb8 50. Rf1 Rf8 51. Qg5 Qg6 52. Qxg6+ Kxg6 53. e4 dxe4 54.
Bxe4 Rd8 55. Bg2 Rad7 56. Ke3 Rb8 57. Rf2 Rdd8 58. Rd2 Re8 59. Kf4 Rbd8 60. Bb7
Rb8 61. Bxa6 Ra8 62. Bxb5 1-0

[Event "XXVI Festival Conca della Presolana A"]
[Site "Bratto - Castione della Presolana ITA"]
[Date "2006.08.22"]
[Round "4"]
[White "Saccani, Ettore"]
[Black "Bianco, Raffaele"]
[Result "1-0"]
[WhiteElo "1940"]
[BlackElo "2069"]
[PlyCount "101"]
[EventDate "2006.08.19"]

1. e4 e5 2. Nf3 Nc6 3. Bb5 a6 4. Ba4 Nf6 5. O-O Be7 6. Re1 b5 7. Bb3 d6 8. c3
O-O 9. h3 Nd7 10. d4 Bf6 11. Be3 Na5 12. Bc2 Nc4 13. b3 Nxe3 14. Rxe3 Bb7 15.
Nbd2 Re8 16. d5 c6 17. c4 Nb6 18. a4 bxc4 19. bxc4 Qc7 20. a5 Nd7 21. Ba4 Rab8
22. Nb3 Rec8 23. Rc1 c5 24. Na1 Nf8 25. Qe1 Bd8 26. Rb1 Qxa5 27. Qxa5 Bxa5 28.
Reb3 Bb4 29. Nc2 a5 30. Nxb4 axb4 31. Nh4 g6 32. Rg3 Ra8 33. Bb3 Ra3 34. Nf5
Rd8 35. h4 h5 36. Rf1 Rd7 37. f4 exf4 38. Rxf4 f6 39. Nh6+ Kg7 40. Nf5+ Kh7 41.
Nxd6 Rxd6 42. e5 Rd7 43. Rxf6 Kg7 44. Rgf3 Rxb3 45. Rxb3 Bxd5 46. cxd5 Rxd5 47.
Rbf3 Rd8 48. Rf7+ Kg8 49. Rc7 Rd5 50. Rc8 b3 51. Rcxf8+ 1-0

[Event "XXVI Festival Conca della Presolana A"]
[Site "Bratto - Castione della Presolana ITA"]
[Date "2006.08.22"]
[Round "4"]
[White "Sala, Sergio"]
[Black "Marchiori, Diego"]
[Result "1/2-1/2"]
[WhiteElo "1902"]
[BlackElo "2110"]
[PlyCount "28"]
[EventDate "2006.08.19"]

1. e4 Nf6 2. e5 Nd5 3. d4 d6 4. Nf3 Bg4 5. Be2 e6 6. c4 Nb6 7. O-O Be7 8. Be3
O-O 9. Nc3 Nc6 10. exd6 cxd6 11. d5 Bxf3 12. Bxf3 Ne5 13. b3 Nxf3+ 14. Qxf3 e5
1/2-1/2

[Event "XXVI Festival Conca della Presolana A"]
[Site "Bratto - Castione della Presolana ITA"]
[Date "2006.08.22"]
[Round "4"]
[White "Salvador, Roland"]
[Black "Pace, Pietro Dario"]
[Result "1-0"]
[WhiteElo "2420"]
[BlackElo "2228"]
[PlyCount "63"]
[EventDate "2006.08.19"]

1. d4 d5 2. Nf3 Nc6 3. Bf4 Bg4 4. h3 Bxf3 5. exf3 e6 6. c3 Bd6 7. Be3 Nge7 8.
Bd3 Ng6 9. g3 Qd7 10. f4 Nce7 11. Nd2 O-O 12. Qh5 f5 13. Nf3 Rac8 14. O-O-O c5
15. dxc5 Bxc5 16. Rhe1 Bxe3+ 17. Rxe3 Rf6 18. Bc2 Nc6 19. Rde1 Nf8 20. Ne5 Nxe5
21. Rxe5 Qd6 22. Qe2 a6 23. Kb1 b5 24. g4 fxg4 25. f5 exf5 26. Bxf5 Rc4 27.
hxg4 g6 28. Bc2 Rcf4 29. Qd1 Rxf2 30. Bb3 Kg7 31. g5 R6f5 32. Re7+ 1-0

[Event "XXVI Festival Conca della Presolana A"]
[Site "Bratto - Castione della Presolana ITA"]
[Date "2006.08.22"]
[Round "4"]
[White "Sardo, Gabriele"]
[Black "Vezzosi, Paolo"]
[Result "1/2-1/2"]
[WhiteElo "2190"]
[BlackElo "2356"]
[PlyCount "87"]
[EventDate "2006.08.19"]

1. e4 e6 2. d4 d5 3. Nd2 dxe4 4. Nxe4 Bd7 5. Nf3 Bc6 6. Bd3 Nd7 7. Qe2 Ngf6 8.
Ng3 Be7 9. O-O Bxf3 10. Qxf3 c6 11. b3 Qa5 12. Bb2 Ba3 13. Bxa3 Qxa3 14. Rfe1
O-O 15. Qf4 a5 16. Qc1 Qd6 17. Qb2 a4 18. Ne4 Nxe4 19. Bxe4 Nf6 20. Bf3 a3 21.
Qc3 Nd5 22. Qd2 Qb4 23. Qxb4 Nxb4 24. Re2 Rfd8 25. Rd2 Kf8 26. c3 Nd5 27. Bxd5
Rxd5 28. Rad1 Rad8 29. Kf1 Ke7 30. Ke2 Kf6 31. Rd3 e5 32. R1d2 exd4 33. Rxd4
Rxd4 34. Rxd4 Rxd4 35. cxd4 Ke6 36. Kd3 Kd5 37. f3 f5 38. Kc3 g5 39. Kd3 h5 40.
h3 h4 41. b4 b5 42. Kc3 Kd6 43. Kb3 Kd5 44. Kc3 1/2-1/2

[Event "XXVI Festival Conca della Presolana A"]
[Site "Bratto - Castione della Presolana ITA"]
[Date "2006.08.22"]
[Round "4"]
[White "Sax, Gyula"]
[Black "Cebalo, Miso"]
[Result "1/2-1/2"]
[WhiteElo "2545"]
[BlackElo "2505"]
[PlyCount "35"]
[EventDate "2006.08.19"]

1. e4 e5 2. Nf3 Nc6 3. Bb5 a6 4. Ba4 Nf6 5. O-O Be7 6. Re1 b5 7. Bb3 d6 8. c3
O-O 9. h3 Na5 10. Bc2 c5 11. d4 Nd7 12. Nbd2 exd4 13. cxd4 Nc6 14. Nf1 cxd4 15.
Nxd4 Nxd4 16. Qxd4 Ne5 17. Qd1 Bf6 18. Rb1 1/2-1/2

[Event "XXVI Festival Conca della Presolana A"]
[Site "Bratto - Castione della Presolana ITA"]
[Date "2006.08.22"]
[Round "4"]
[White "Sbarra, Marco"]
[Black "Bonazzi, Edoardo"]
[Result "1/2-1/2"]
[WhiteElo "2290"]
[BlackElo "2151"]
[PlyCount "69"]
[EventDate "2006.08.19"]

1. c4 Nf6 2. Nc3 c5 3. Nf3 Nc6 4. e3 e6 5. b3 Be7 6. Bb2 O-O 7. g3 d5 8. Bg2 b6
9. O-O Bb7 10. cxd5 Nxd5 11. Nxd5 Qxd5 12. d4 Na5 13. Nh4 Qd7 14. Bxb7 Nxb7 15.
Qg4 Bf6 16. Rad1 cxd4 17. Bxd4 Bxd4 18. Rxd4 Qe7 19. Rc1 Rac8 20. Qd1 Rxc1 21.
Qxc1 Rd8 22. Rc4 g6 23. Nf3 Nc5 24. Nd4 Qf6 25. b4 Nd3 26. Qc2 Ne5 27. Rc8 Rxc8
28. Qxc8+ Kg7 29. Qc2 Nf3+ 30. Nxf3 Qxf3 31. Qc3+ Qf6 32. Qd2 Qe5 33. Kg2 a5
34. bxa5 bxa5 35. Kf3 1/2-1/2

[Event "XXVI Festival Conca della Presolana A"]
[Site "Bratto - Castione della Presolana ITA"]
[Date "2006.08.22"]
[Round "4"]
[White "Vancini, Edoardo"]
[Black "Bruno, Fabio"]
[Result "1-0"]
[WhiteElo "2250"]
[BlackElo "2388"]
[PlyCount "63"]
[EventDate "2006.08.19"]

1. c4 e5 2. g3 Nc6 3. Bg2 f5 4. Nc3 Nf6 5. d3 Bc5 6. e3 O-O 7. Nge2 Re8 8. O-O
Bf8 9. e4 Nd4 10. Nxd4 exd4 11. Ne2 fxe4 12. Nxd4 c6 13. dxe4 Nxe4 14. Be3 d6
15. Qc2 Nf6 16. Bg5 Re5 17. Bf4 Rh5 18. Rfe1 Bg4 19. Ne6 Qd7 20. Nxf8 Rxf8 21.
Qd2 d5 22. f3 Bh3 23. g4 Nxg4 24. Bxh3 Rxh3 25. fxg4 Qxg4+ 26. Bg3 Rf3 27. Re8+
Kf7 28. Re2 Qxc4 29. Rae1 Rh5 30. Re7+ Kg6 31. Qg2 Rhf5 32. Bf4+ 1-0

[Event "XXVI Festival Conca della Presolana A"]
[Site "Bratto - Castione della Presolana ITA"]
[Date "2006.08.22"]
[Round "4"]
[White "Vinzoni, Andrea"]
[Black "Buratti, Marco"]
[Result "0-1"]
[WhiteElo "2116"]
[BlackElo "2018"]
[PlyCount "88"]
[EventDate "2006.08.19"]

1. d4 d5 2. c4 e5 3. dxe5 d4 4. Nf3 Nc6 5. a3 Bg4 6. e3 Nxe5 7. Qxd4 Nxf3+ 8.
gxf3 Bxf3 9. Rg1 Qxd4 10. exd4 O-O-O 11. Bh3+ Kb8 12. Be3 g6 13. Nd2 Bh5 14. b4
Bg7 15. Nb3 Ne7 16. b5 Rhe8 17. Kf1 c5 18. Bf4+ Ka8 19. Bc7 Be2+ 20. Kg2 Bxc4
21. Bxd8 Rxd8 22. Rae1 Nd5 23. Nxc5 Nf4+ 24. Kg3 Ne2+ 25. Rxe2 Bxe2 26. Bg2
Rxd4 27. Re1 Be5+ 28. f4 Bxf4+ 29. Kf2 Bxb5 30. Bxb7+ Kb8 31. Rb1 Bd6 32. Rxb5
Bxc5 33. Bd5+ Bb6 34. Kg2 f5 35. Bg8 Rd2+ 36. Kh1 f4 37. Rb3 h6 38. a4 Kc7 39.
Rc3+ Kd6 40. h4 g5 41. hxg5 hxg5 42. Bc4 Ke5 43. Rd3 Rxd3 44. Bxd3 f3 0-1

[Event "XXVI Festival Conca della Presolana A"]
[Site "Bratto - Castione della Presolana ITA"]
[Date "2006.08.22"]
[Round "4"]
[White "Vivo, Mario"]
[Black "Lapenna, Antonio"]
[Result "0-1"]
[WhiteElo "2165"]
[BlackElo "2079"]
[PlyCount "70"]
[EventDate "2006.08.19"]

1. g3 Nf6 2. Bg2 g6 3. c4 Bg7 4. Nc3 O-O 5. d4 d6 6. Nf3 Nbd7 7. O-O e5 8. e4
exd4 9. Nxd4 Re8 10. Re1 a6 11. h3 Rb8 12. Qc2 Ne5 13. b3 c5 14. Nde2 b5 15. f4
Nc6 16. cxb5 axb5 17. Be3 Nb4 18. Qd2 c4 19. Nd4 Bd7 20. Ncxb5 Bxb5 21. Qxb4
Nxe4 22. Nxb5 Nc3 23. Qxc4 Nxb5 24. Rac1 Rxe3 25. Rxe3 Bd4 26. Rce1 Qb6 27. Qd3
Re8 28. Kf2 Nc3 29. g4 Bxe3+ 30. Kf3 Qc6+ 31. Kg3 Qc5 32. b4 Qb6 33. Kf3 Nb5
34. Rxe3 Nd4+ 35. Kf2 Nc2 0-1

[Event "XXVI Festival Conca della Presolana A"]
[Site "Bratto - Castione della Presolana ITA"]
[Date "2006.08.22"]
[Round "4"]
[White "You Zi Chih, Stefano"]
[Black "Piemonti, Carlo"]
[Result "0-1"]
[WhiteElo "2038"]
[BlackElo "2058"]
[PlyCount "94"]
[EventDate "2006.08.19"]

1. e4 c5 2. a3 Nc6 3. b4 Nf6 4. b5 Ne5 5. d4 cxd4 6. Qxd4 d6 7. Nc3 e6 8. Be2
Be7 9. Nf3 Nxf3+ 10. Bxf3 Qc7 11. O-O Nd7 12. Bb2 Bf6 13. Qd2 Ne5 14. Be2 O-O
15. Nd1 Rd8 16. f4 Nd7 17. Bxf6 Nxf6 18. Bd3 a6 19. Rb1 axb5 20. Rxb5 Rxa3 21.
Rg5 Ra1 22. Qf2 h6 23. Rb5 Bd7 24. Rb3 Bc6 25. Qd4 Rda8 26. c4 R8a2 27. Bb1 Ra3
28. Rff3 Ra8 29. Rg3 Qa5 30. Kf1 e5 31. fxe5 dxe5 32. Qe3 Rd8 33. Nc3 Nh5 34.
Rg4 Nf4 35. Nd5 Bxd5 36. exd5 Qa2 37. Rxg7+ Kxg7 38. Qxe5+ Kg8 39. Rg3+ Kf8 40.
Qg7+ Ke8 41. Re3+ Kd7 42. Qg4+ Kc7 43. Qxf4+ Kc8 44. Qf5+ Kb8 45. Re1 Qxc4+ 46.
Kf2 Qd4+ 47. Kg3 Ra3+ 0-1

[Event "XXVI Festival Conca della Presolana A"]
[Site "Bratto - Castione della Presolana ITA"]
[Date "2006.08.23"]
[Round "5"]
[White "Alberton, Roberto"]
[Black "Ranfagni, Stefano"]
[Result "1-0"]
[WhiteElo "2128"]
[BlackElo "2016"]
[PlyCount "67"]
[EventDate "2006.08.19"]

1. e4 e6 2. d4 d5 3. Nd2 Nf6 4. e5 Nfd7 5. Bd3 c5 6. c3 Nc6 7. Ne2 cxd4 8. cxd4
f6 9. exf6 Nxf6 10. Nf3 Bd6 11. O-O O-O 12. Bf4 Bxf4 13. Nxf4 Qd6 14. g3 e5 15.
dxe5 Nxe5 16. Nxe5 Qxe5 17. Qb3 g5 18. Rfe1 Qd6 19. Nxd5 Kh8 20. Nxf6 Qxf6 21.
Qc3 Bf5 22. Rad1 Qxc3 23. bxc3 Rac8 24. Bxf5 Rxf5 25. Rd7 Ra5 26. Ree7 Rxa2 27.
Rxh7+ Kg8 28. Rdg7+ Kf8 29. Rxb7 Kg8 30. Rxa7 Rxa7 31. Rxa7 Rxc3 32. Ra5 g4 33.
Rg5+ Kh7 34. Rxg4 1-0

[Event "XXVI Festival Conca della Presolana A"]
[Site "Bratto - Castione della Presolana ITA"]
[Date "2006.08.23"]
[Round "5"]
[White "Ambrosi, Eleonora"]
[Black "Lampl, Gerald"]
[Result "1/2-1/2"]
[WhiteElo "2147"]
[BlackElo "1826"]
[PlyCount "54"]
[EventDate "2006.08.19"]

1. e4 c5 2. Nf3 Nc6 3. Bb5 g6 4. O-O Bg7 5. Re1 Nf6 6. e5 Nd5 7. Nc3 Nc7 8.
Bxc6 dxc6 9. Ne4 Ne6 10. d3 O-O 11. Be3 b6 12. Qd2 Qc7 13. Bh6 Rd8 14. Bxg7
Kxg7 15. Neg5 Nf8 16. Qf4 Be6 17. Qg3 h6 18. Ne4 Rd7 19. h4 Kh7 20. h5 gxh5 21.
Qh2 Bg4 22. Ng3 Ng6 23. Nxh5 Bxf3 24. gxf3 Rg8 25. Kh1 Rd4 26. Re4 Rxe4 27.
fxe4 Qxe5 1/2-1/2

[Event "XXVI Festival Conca della Presolana A"]
[Site "Bratto - Castione della Presolana ITA"]
[Date "2006.08.23"]
[Round "5"]
[White "Andreoli, Renato"]
[Black "Isonzo, David"]
[Result "0-1"]
[WhiteElo "2137"]
[BlackElo "2361"]
[PlyCount "104"]
[EventDate "2006.08.19"]

1. Nf3 Nf6 2. g3 g6 3. Bg2 Bg7 4. O-O O-O 5. d4 d6 6. c4 Nc6 7. Nc3 Bg4 8. d5
Na5 9. Qd3 c5 10. h3 Bd7 11. e4 a6 12. e5 Bf5 13. Qe2 dxe5 14. Nxe5 Ne8 15. b3
Nd6 16. Bb2 Rb8 17. Rac1 Qc7 18. g4 Bc8 19. f4 Re8 20. Ne4 Nxe4 21. Bxe4 e6 22.
Rcd1 exd5 23. cxd5 Qd6 24. Qd2 b6 25. Bg2 Bb7 26. Nc6 Bxc6 27. Bxg7 Kxg7 28.
dxc6 Qxd2 29. Rxd2 Rbc8 30. Rd6 Rc7 31. f5 Rec8 32. f6+ Kh6 33. Rd5 g5 34. h4
Rg8 35. Rf3 gxh4 36. Rh5+ Kg6 37. Rf4 Re8 38. Be4+ Rxe4 39. Rxe4 Rxc6 40. Rxh4
Rxf6 41. g5 Rc6 42. Re5 Kg7 43. Rf5 c4 44. bxc4 Nxc4 45. Rhf4 Rc7 46. Rf6 Ne3
47. Rh6 Rc5 48. Rfh4 Rxg5+ 49. Kh1 Nf5 50. Rxh7+ Kg6 51. Rh8 Nxh4 52. Rxh4 Rh5
0-1

[Event "XXVI Festival Conca della Presolana A"]
[Site "Bratto - Castione della Presolana ITA"]
[Date "2006.08.23"]
[Round "5"]
[White "Andreolini, Mauro"]
[Black "Efimov, Igor"]
[Result "0-1"]
[WhiteElo "2195"]
[BlackElo "2439"]
[PlyCount "48"]
[EventDate "2006.08.19"]

1. d4 Nf6 2. Nf3 c6 3. c4 d6 4. g3 Nbd7 5. Bg2 e5 6. dxe5 dxe5 7. O-O Be7 8.
Nc3 O-O 9. Qc2 Qc7 10. b3 a5 11. Bb2 Re8 12. Rfd1 Nf8 13. Rd2 Bg4 14. Rad1 Bc5
15. Na4 Bb4 16. Nc3 e4 17. Ng5 e3 18. fxe3 Bc5 19. Rd4 Rxe3 20. Kh1 Bxd4 21.
Rxd4 Qe5 22. Nce4 Rxe2 23. Qc1 Nxe4 24. Nxe4 Rxb2 0-1

[Event "XXVI Festival Conca della Presolana A"]
[Site "Bratto - Castione della Presolana ITA"]
[Date "2006.08.23"]
[Round "5"]
[White "Bellia, Fabrizio"]
[Black "Drasko, Milan"]
[Result "1/2-1/2"]
[WhiteElo "2392"]
[BlackElo "2521"]
[PlyCount "32"]
[EventDate "2006.08.19"]

1. e4 e6 2. d4 d5 3. Nc3 Bb4 4. e5 Ne7 5. a3 Bxc3+ 6. bxc3 c5 7. Qg4 O-O 8. Bd3
f5 9. exf6 Rxf6 10. Bg5 Rf7 11. Qh5 g6 12. Qd1 Nbc6 13. Nf3 Qf8 14. O-O c4 15.
Be2 h6 16. Bc1 Qg7 1/2-1/2

[Event "XXVI Festival Conca della Presolana A"]
[Site "Bratto - Castione della Presolana ITA"]
[Date "2006.08.23"]
[Round "5"]
[White "Bentivegna, Francesco"]
[Black "Brunello, Sabino"]
[Result "0-1"]
[WhiteElo "2269"]
[BlackElo "2391"]
[PlyCount "58"]
[EventDate "2006.08.19"]

1. e4 e5 2. Nf3 Nc6 3. d4 exd4 4. Nxd4 Bc5 5. Nxc6 Qf6 6. Qf3 bxc6 7. Nc3 Bd4
8. Bc4 d6 9. Qg3 Be6 10. Bb3 h5 11. Ne2 h4 12. Qf4 Bxb2 13. Bxb2 Qxb2 14. O-O
Qf6 15. Qe3 Ne7 16. f4 O-O 17. f5 Bxb3 18. axb3 Rfe8 19. Rxa7 Rxa7 20. Qxa7 d5
21. Qa4 Nc8 22. Qd4 Qg5 23. Nc3 Nd6 24. exd5 h3 25. g3 Re3 26. Rf2 Re1+ 27. Rf1
Qc1 28. Nd1 Qxc2 29. Nf2 Qe2 0-1

[Event "XXVI Festival Conca della Presolana A"]
[Site "Bratto - Castione della Presolana ITA"]
[Date "2006.08.23"]
[Round "5"]
[White "Bianco, Raffaele"]
[Black "Rorato, Giovanni Riccardo"]
[Result "1/2-1/2"]
[WhiteElo "2069"]
[BlackElo "2057"]
[PlyCount "112"]
[EventDate "2006.08.19"]

1. e4 e5 2. Nf3 Nc6 3. Bb5 a6 4. Ba4 Nf6 5. O-O b5 6. Bb3 Bb7 7. c3 Nxe4 8. Re1
d5 9. d3 Nc5 10. Nxe5 Nxe5 11. Rxe5+ Ne6 12. d4 Bd6 13. Re3 Qd7 14. a4 c6 15.
axb5 axb5 16. Rxa8+ Bxa8 17. Bc2 g6 18. Nd2 O-O 19. Nf3 f6 20. g3 Re8 21. h4
Ng7 22. Nh2 Rxe3 23. Bxe3 Nf5 24. Ng4 Kg7 25. Qf3 h5 26. Nh2 Nxe3 27. Qxe3 Bb7
28. Qd3 Qf7 29. Nf1 Bc8 30. Ne3 Bd7 31. Kg2 Qe8 32. f3 f5 33. f4 Qe4+ 34. Qxe4
fxe4 35. b3 Be6 36. Bd1 Bc7 37. Be2 Bb6 38. Kf2 b4 39. cxb4 Bxd4 40. Ba6 Kf6
41. Bb7 Bd7 42. b5 cxb5 43. Bxd5 Be6 44. Bc6 b4 45. Ba4 Bg4 46. Bb5 Bd1 47. Bc4
Bg4 48. Bb5 Be6 49. Ba4 Bxe3+ 50. Kxe3 Kf5 51. Bc6 Bxb3 52. Bxe4+ Kf6 53. Kd4
Be6 54. Bd3 Bf5 55. Be2 Bc2 56. g4 hxg4 1/2-1/2

[Event "XXVI Festival Conca della Presolana A"]
[Site "Bratto - Castione della Presolana ITA"]
[Date "2006.08.23"]
[Round "5"]
[White "Bruno, Fabio"]
[Black "Guanciale, Orazio"]
[Result "1-0"]
[WhiteElo "2388"]
[BlackElo "2156"]
[PlyCount "27"]
[EventDate "2006.08.19"]

1. d4 f5 2. Nf3 Nf6 3. g3 g6 4. Bg2 Bg7 5. b4 Nc6 6. a3 O-O 7. d5 Ne4 8. dxc6
Bxa1 9. Qd5+ e6 10. cxb7 Bxb7 11. Qxb7 a6 12. Nfd2 Bd4 13. Nxe4 c6 14. Bg5 1-0

[Event "XXVI Festival Conca della Presolana A"]
[Site "Bratto - Castione della Presolana ITA"]
[Date "2006.08.23"]
[Round "5"]
[White "Burani, Eugenio"]
[Black "D'Apa, Matteo"]
[Result "0-1"]
[WhiteElo "2034"]
[BlackElo "2020"]
[PlyCount "68"]
[EventDate "2006.08.19"]

1. e4 e5 2. Nf3 Nc6 3. Bc4 Bc5 4. c3 Nf6 5. d3 h6 6. O-O O-O 7. b4 Bb6 8. b5
Na5 9. Nxe5 d6 10. Nxf7 Rxf7 11. Bxf7+ Kxf7 12. Kh1 a6 13. a4 Be6 14. Nd2 Qd7
15. f4 Kg8 16. f5 Bf7 17. bxa6 bxa6 18. Qf3 Re8 19. Qg3 Kh8 20. Qh3 d5 21. Nf3
dxe4 22. Bxh6 exf3 23. Bg5+ Kg8 24. Rxf3 Qxa4 25. Raf1 Qg4 26. Bxf6 Qxh3 27.
Rxh3 gxf6 28. d4 Nc4 29. g4 Re3 30. Rxe3 Nxe3 31. Rf4 a5 32. Kg1 a4 33. Rf3 Nc4
34. Rf1 a3 0-1